| 000 | 01124cam a22002651 4500 | ||
|---|---|---|---|
| 001 | pa 68000014 | ||
| 003 | DLC | ||
| 005 | 20260227111857.0 | ||
| 008 | 710901s1967 dcu 00010 eng c | ||
| 010 | _apa 68000014 //r896 | ||
| 040 |
_aPan American Union. Library _dDLC |
||
| 050 | 0 |
_aF1405.5 1959 _b.O7 OEA/ser.A2/add.2 |
|
| 110 | 2 | 0 | _aOrganization of American States. |
| 245 | 1 | 0 |
_aProtocol of amendment to the charter of the Organization of American States, "Protocol of Buenos Aires," _bwith the corresponding articles of the charter now in force and the charter as amended. |
| 260 | 0 |
_aWashington, _bPan American Union, _c1967. |
|
| 300 |
_aiv, 58 p. _c22 x 28 cm. |
||
| 350 | _a0.50 | ||
| 490 | 1 |
_aTreaty series ; _vno. 1-B |
|
| 490 | 1 |
_aOAS official records ; _vOEA/Ser.A/2, add.2 (English) |
|
| 610 | 2 | 0 |
_aOrganization of American States. _tCharter. |
| 710 | 2 | 0 |
_aOrganization of American States. _tCharter. |
| 740 | 0 | 1 | _aProtocol of Buenos Aires. |
| 830 | 0 |
_aTreaty series (Organization of American States. General Secretariat) ; _vno. 1-B. |
|
| 830 | 0 |
_aOAS official records ; _vOEA/Ser.A/2, add.2 (English) |
|
| 999 |
_c51620 _d51620 |
||